000 00570nam a22001937a 4500
003 KOHA_MİRAKIL
005 20251015141111.0
008 251015b tu ||||| |||| 00| 0 tur d
020 _a9789753299145
040 _aTR-AnABB
_btur
_cTR-AnABB
041 _atur
082 _a818.4203
_bSUY 2016
100 1 _aŞüyün, Faruk,
245 1 0 _aBir arkeoloji detektifinin maceraları /
_cFaruk Şüyün
260 _aİstanbul :
_bOğlak Yayıncılık,
_c2016
300 _a147 sayfa ;
_c18 cm
650 0 4 _aTürk edebiyatı, Gezi yazıları
942 _2ddc
_cBK
999 _c9157
_d9157
900 _bGizem YORULMAZ